Načítá se...
Nobel prize winners
| Hlavní autor: | |
|---|---|
| Médium: | Printed Book |
| Vydáno: |
Kottayam
Ascend publications
2007
|
| LEADER | 00357nam a22001097a 4500 | ||
|---|---|---|---|
| 082 | |a 371.26 |b ZUB.N | ||
| 100 | |a Zubin | ||
| 245 | |a Nobel prize winners | ||
| 260 | |a Kottayam |b Ascend publications |c 2007 | ||
| 942 | |c BK | ||
| 999 | |c 5586 |d 5586 | ||
| 952 | |0 0 |1 0 |4 0 |6 371_260000000000000_ZUB_N |7 0 |8 REF |9 6457 |a CAMPUS |b CAMPUS |d 2015-09-08 |l 0 |o 371.26 ZUB.N |p 14903 |r 2015-09-08 |w 2015-09-08 |y BK | ||